Statistiques concernant L'Italie par images

Cliquez ici pour prendre le quiz!

Statistiques générales

  • Ce quiz a été pris 4,430 fois
  • Le résultat moyen est 12 sur 18

Statistiques - réponses

Answer % Correct
Pizza
99%
Tour de {Pise}
99%
Pasta
94%
Ferrari
93%
Colisée
92%
Léonard de Vinci
89%
Alpes
87%
Venise
79%
Vésuve
79%
Vespa
76%
Fiat {500}
69%
Luciano Pavarotti
58%
Expresso
52%
Pantheon
49%
Turin
45%
Sophia Loren
30%
Lac de {Garde}
26%
Basilique {Saint-Marc}
25%

Distribution des résultats

Percentile par nombre de réponses

% des personnes avec chaque résultat

Votre développement - résultats

Vous n’avez pas pris ce quiz